000 00489nam a22001455i 4500
001 163326
003 ES-MaACL
005 20230906212722.0
008 050718s1869 xxu | |||||||| ||eng d
040 _aCAM
_bspa
_cCAM
245 0 0 _aReport of the Commissioner of Agriculture for the year 1868.
260 _aWashington :
_bGovernment Printing Office,
_c1869.
300 _a671 p. ;
_c23 cm.
852 _aES-MaACL
_jG-12307
_z-- Enc. hol.
_z-- Donación del Sr. Quiroga al Ateneo de Madrid
999 _c163326
_d163326